Sports Quiz

Random Sports or World Quiz

Players With 500+ Career HR/SB And 1 WS Ring Since 1900 Quiz Stats

Quiz not verified by Sporcle

Challenge
Share
Tweet
Embed
Score 0/35 Timer 10:00
0 Plays Today
WS Year(s) & Team(s) Player % Correct
2004, 2007, 2013 Red SoxDavid Ortiz
100%
2009 YankeesAlex Rodriguez
96.4%
1957 BravesHank Aaron
96.4%
1954 GiantsWillie Mays
96.4%
1989 AthleticsMark McGwire
96.4%
2006 & 2011 CardinalsAlbert Pujols
96.4%
2004 & 2007 Red SoxManny Ramirez
96.4%
1980 PhilliesMike Schmidt
96.4%
1951- 1953, 1956, 1958, 1961- 1962 YankeesMickey Mantle
96.4%
1933 GiantsMel Ott
96.4%
1989 Athletics / 1993 Blue JaysRickey Henderson
96.4%
1915, 1917- 1918 Red Sox / 1923, 1927- 1928, 1932 YankeesBabe Ruth
94.6%
1966 & 1970 OriolesFrank Robinson
94.6%
1973- 1974 Athletics / 1977- 1978 YankeesReggie Jackson
94.6%
1929- 1930 AthleticsJimmie Foxx
94.6%
1964 & 1967 CardinalsLou Brock
94.6%
1957 Braves / 1968 TigersEddie Mathews
92.9%
1997 Marlins Gary Sheffield
92.9%
WS Year(s) & Team(s) Player % Correct
1983 OriolesEddie Murray
91.1%
1909 PiratesHonus Wagner
87.5%
1975- 1976 RedsJoe Morgan
85.7%
1959, 1963, 1965 DodgersMaury Wills
80.4%
1985 RoyalsWillie Wilson
78.6%
2003 MarlinsJuan Pierre
78.6%
1982 CardinalsOzzie Smith
78.6%
1972- 1974 AthleticsBert Campaneris
69.6%
1996 YankeesTim Raines
67.9%
1910- 1911, 1913 Athletics / 1917 White SoxEddie Collins
66.1%
1981 DodgersDavey Lopes
64.3%
1966 OriolesLuis Aparicio
60.7%
1993 Blue JaysPaul Molitor
60.7%
1925 PiratesMax Carey
37.5%
1906 White SoxGeorge Davis
30.4%
1909 PiratesFred Clarke
25%
1905 GiantsBill Dahlen
12.5%

You're not logged in!

Compare scores with friends on all Sporcle quizzes.
Join for Free
OR
Log In

You Might Also Like...

Show Comments

Extras

Top Quizzes Today


Score Distribution

Your Account Isn't Verified!

In order to create a playlist on Sporcle, you need to verify the email address you used during registration. Go to your Sporcle Settings to finish the process.

Report this User

Report this user for behavior that violates our Community Guidelines.

Details: